00457nam a2200181Ia 4500003000400000005001700004008004100021020001500062040000700077041000800084082001600092100002400108245005300132260004000185300001500225365001300240650002200253OSt20230425144359.0210423s2002 xx 000 0 und d a8176490024 cAL aeng a574.88 TWYR aTWYMAN (Richard M). aAdvanced molecular biology: a concise reference. aNew DelhibViva Books Pvt Ltdc2002 axi,499bPB b250cINR aMolecular Biology